| 000 | 00838nam0a22002651 4500 | ||
|---|---|---|---|
| 001 | RU\NLR\INFOCOMM_190\5000035456 | ||
| 005 | 20250613092504.0 | ||
| 035 | _a(NLR Aleph) 009162328 | ||
| 090 |
_a8461689 _c8461689 |
||
| 100 | _a20100204d1965 |||y0rusy50 ca | ||
| 101 | 0 | _afre | |
| 102 | _aRU | ||
| 105 | _ay ||||000|y | ||
| 200 | 1 |
_aLe travail politique dans l'Armée soviétique _fI. Boutski |
|
| 210 |
_aΜ. _c"Progrès" _d1965 |
||
| 215 |
_a118 с. _d17 см |
||
| 300 | _aНа обл..: И. Буцкий. Из опыта политической работы в Советской армии | ||
| 686 |
_aВ9-500 _2rubbk |
||
| 700 | 1 |
_9z01790 _aBuckij _bI. M. _gIvan M. _4070 |
|
| 790 | 1 |
_9z01700 _aBoutski _bI. _4070 |
|
| 801 | 1 |
_aRU _bNLR _c20100204 |
|
| 801 | 0 |
_aRU _bNLR _gPSBO |
|
| 852 |
_aNLR _jВ41 Г-1/15 |
||
| 942 | _cBOOK | ||
| 980 | _aNB | ||